|
|
|
|
| LEADER |
00866nam a2200181 a 4500 |
| 008 |
100622s1978 bg 000 0 eng d |
| 040 |
|
|
|a BD-DhAAL
|c BD-DhAAL
|d BD-DhAAL
|
| 082 |
0 |
0 |
|a 633.1/8
|2 18
|
| 100 |
1 |
|
|a Pedro, Freddie B. de.
|
| 245 |
1 |
0 |
|a Seven steps to increasing rice production :
|b a basic guide for agricultural extension workers in Bangladesh /
|c by Freddie B. de Pedro., illustration by Shyamal Kumar Deb.
|
| 260 |
|
|
|a Dacca :
|b International Voluntary Services
|c 1978.
|
| 300 |
|
|
|a xi, 51 p. :
|b ill. ;
|c 24 cm.
|
| 541 |
1 |
|
|e 00000384
|
| 650 |
|
0 |
|a Rice reproduction.
|
| 700 |
1 |
|
|a Deb,Shyamal Kumar.
|
| 852 |
4 |
|
|a Ayesha Abed Library
|j General shelf
|
| 999 |
|
|
|c 9051
|d 9051
|
| 952 |
|
|
|0 0
|1 4
|2 ddc
|4 0
|6 633_180000000000000_PED
|7 0
|9 11207
|a BRACUL
|b BRACUL
|c GEN
|d 2010-06-23
|g 5.00
|l 0
|o 633.18 PED
|p 3010000384
|r 2010-06-23
|t 1
|w 2010-06-23
|y BK
|z Not price in Register
|x Koha Inventory 2020
|